दर्शनीय पाथेय (Record no. 287318)

MARC details
000 -LEADER
fixed length control field 00356nam a2200133Ia 4500
008 - FIXED-LENGTH DATA ELEMENTS--GENERAL INFORMATION
fixed length control field 090711s9999 xx 000 0 und d
082 ## - DEWEY DECIMAL CLASSIFICATION NUMBER
Item number 57101
245 ## - TITLE STATEMENT
Title दर्शनीय पाथेय
260 ## - PUBLICATION, DISTRIBUTION, ETC. (IMPRINT)
Date of publication, distribution, etc 1982
300 ## - PHYSICAL DESCRIPTION
Extent 134
630 ## - SUBJECT ADDED ENTRY--UNIFORM TITLE
Uniform title दर्शनीय पाथेय
730 ## - ADDED ENTRY--UNIFORM TITLE
Uniform title दर्शनीय पाथेय
942 ## - ADDED ENTRY ELEMENTS (KOHA)
Koha item type Book
Holdings
Withdrawn status Lost status Damaged status Not for loan Home library Current library Date acquired Cost, normal purchase price Total Checkouts Full call number Barcode Date last seen Cost, replacement price Price effective from Koha item type
        Dadar Sarvajanik Vachanalaya, Dardar Dadar Sarvajanik Vachanalaya, Dardar 07/11/2009 5.00   57101 DASAVA-57101 07/11/2009 5.00 07/11/2009 Book